| 000 | 00393nam a2200157Ia 4500 | ||
|---|---|---|---|
| 008 | 230312s9999||||xx |||||||||||||| ||und|| | ||
| 020 | _a0-07-067736-4 | ||
| 082 |
_a658.4092 _bZEN-E |
||
| 100 | _aZenger;John.H | ||
| 245 | 0 | _aExtraordinary Leader | |
| 260 |
_bTata McGraw Hill _aNew York _c2009 |
||
| 300 | _a298 | ||
| 546 | _aEng. | ||
| 650 |
_aManagement _vExtraordinary Leader |
||
| 942 | _cBK | ||
| 999 |
_c9239 _d9239 |
||